Biografía de Franklin D. Roosevelt /
Líderes del siglo XX es una colección que presenta una semblanza de personajes relevantes que han influido en el ámbito político, económico, militar, tecnológico o científico, según el contexto en que se han desarrollado. El volumen de cada video se ha asignado según el orden de su clasificación.
Uloženo v:
| Hlavní autor: | |
|---|---|
| Další autoři: | , , |
| Médium: | |
| Jazyk: | španělština |
| Vydáno: |
EUA :
International Creative Exchange,
1962, c1962
México : Promolíder [distribución], fecha no identificada |
| Edice: | (Líderes del Siglo XX ;
16) |
| Témata: | |
| Tagy: |
Žádné tagy, Buďte první, kdo vytvoří štítek k tomuto záznamu!
|
MARC
| LEADER | 00000ngm^a2200000^a^4500 | ||
|---|---|---|---|
| 001 | 000373090 | ||
| 005 | 20250521000000.0 | ||
| 009 | 20260310120028.657 | ||
| 025 | |a Donación sin dato, 1 ejemplar | ||
| 037 | |a Acervo Xavier Clavigero | ||
| 041 | |a ESP | ||
| 082 | |a 920. 02 |b HAL V. 16 | ||
| 100 | |a Haley, Jack, |c hijo |e (realización) | ||
| 245 | 1 | 0 | |a Biografía de Franklin D. Roosevelt / |c Realización de J. Haley, hijo. |
| 264 | 4 | |a EUA : |b International Creative Exchange, |c 1962, c1962 | |
| 264 | 4 | |a México : |b Promolíder [distribución], |c fecha no identificada | |
| 300 | |a 1 videocasete VHS |c (30 min.) | ||
| 336 | |a imagen móvil bidimensional |b tdi |2 rdacontenido | ||
| 337 | |a video |b v |2 rdamedio | ||
| 338 | |a videocasete |b vf |2 rdasoporte | ||
| 440 | 1 | |a (Líderes del Siglo XX ; |v 16) | |
| 520 | |a Líderes del siglo XX es una colección que presenta una semblanza de personajes relevantes que han influido en el ámbito político, económico, militar, tecnológico o científico, según el contexto en que se han desarrollado. El volumen de cada video se ha asignado según el orden de su clasificación. | ||
| 520 | |a Documental que presenta una semblanza biográfica de Franklin Delano Roosevelt (1882-1945), abogado, político y único presidente de los Estados Unidos en ganar por cuatro ocasiones consecutivas las elecciones presidenciales. Su política, inicialmente, se concentró en sacar a los Estados Unidos de la crisis económica, a consecuencia de la depresión de 1929. Durante el período de la Segunda Guerra Mundial, fue un defensor de la política aislacionista de su país en el conflicto bélico, pero después del ataque a Pearl Harbor fue el que impulsó la entrada de Estados Unidos a la guerra. | ||
| 546 | |a Doblaje al español | ||
| 649 | |a XX | ||
| 650 | |a Abogados Norteamericanos - |x Biografías | ||
| 650 | |a Jefes de Estado Norteamericanos - |x Biografías | ||
| 650 | |a Políticos Norteamericanos - |x Biografías | ||
| 650 | |a Crisis Económica - |z EUA - |x Historia | ||
| 650 | |a Guerra Mundial (Segunda), 1939-1945 - |x Historia | ||
| 650 | |a Economía - |z EUA - |x Historia - |y 1933-1945 | ||
| 650 | |a Política - |z EUA - |x Historia - |y 1933-1945 | ||
| 650 | |a Política - |z EUA - |x Historia - |y Siglo XX | ||
| 650 | |a EUA - |x Historia - |y 1933-1945 | ||
| 650 | |a EUA - |x Historia - |y Siglo XX | ||
| 650 | |a Roosevelt, Franklin D. - |x Tema Principal | ||
| 700 | |a Ramrus, Al |e (guión) | ||
| 700 | |a Haley, Jack, |c hijo |e (guión) | ||
| 700 | |a Lizalde, Enrique |e (conducción) | ||
| 910 | |a Fondo General | ||
| 920 | |a Audiovisuales - Videocasetes | ||
| 905 | |a 301 | ||
| 901 | |a 0500267708 |b IT2 |c VIS |i FXC D |u 20250521 | ||
| 902 | |a https://opac.biblio.iteso.mx/vufind/Record/000373090 | ||